| 000 | 00468nam a22001817a 4500 | ||
|---|---|---|---|
| 005 | 20180814114102.0 | ||
| 008 | 160625b xxu||||| |||| 00| 0 eng d | ||
| 020 | _a81-77256-03-02 | ||
| 041 | _aeng | ||
| 082 |
_b9935 _a658.3 |
||
| 100 |
_aTripathi, P.C. _94807 |
||
| 245 | _aPersonnel Management and industrial Relations | ||
| 250 | _a19 th Ed, | ||
| 260 |
_aNew Delhi _bSultan Chand & Sons, _c2007 |
||
| 300 | _a25.3p, | ||
| 650 |
_aManagement _9241 |
||
| 942 | _cBK | ||
| 999 |
_c3896 _d3895 |
||